000 00522nam a2200205Ia 4500
001 2400
003 GE_BSU
008 181216s||||||||xx |||||||||||||| ||und||
040 _cGE_BSU
080 _a18
100 _aყულიჯანაშვილი,ა.
245 _aესთეტიკა
245 _cრედ.რ. ბალანჩივაძე
260 _aთბილისი
260 _c2006
300 _a324გვ.
541 _h12ლ.
653 _aესთეტიკა
942 _cBK
999 _c36482
_d36482